00374nam a2200109Ia 4500008004100000100001600041245008400057260003600141650003500177650000800212856004400220171212s9999 xx 000 0 und d aMinda, Gary cMinda, GaryaPostmodern Legal MovementsbLaw and Jurisprudence At Century's End bNew York University Pressc1995 aJurisprudence -- United States aLaw uhttp://www.jstor.org/stable/j.ctt9qg2gf